Statistics for Word Puzzles - Animals

Click here to take the quiz!

General Stats

  • This quiz has been taken 16,733 times
    (16,643 since last reset)
  • The average score is 12 of 20

Answer Stats

Word Puzzle Solution Animal % Correct
Fib + Not OutLie + InLion
87%
Also + Aluminum Soda ContainerToo + CanToucan
85%
To Color Fabric + Not Yes +
Glide Like an Eagle
Dye + No + SoarDinosaur
74%
8 Prefix + Mr. In-BootsOcto + PussOctopus
70%
German River + Yes OppositeRhine + NoRhino
69%
Singer Goulding + Computer Text StyleEllie + FontElephant
68%
Witch's Nose Growth + BoarWart + HogWarthog
62%
Pelvic Joint + Italian RiverHip + PoHippo
59%
A Note to Follow Sol + Pa's WifeLa + MaLlama
59%
Male Nun + Map LegendMonk + KeyMonkey
58%
Purchase + Male ChildBuy + SonBison
57%
Toast Spread + Winged PestButter + FlyButterfly
56%
Impoverished + Dove's Sound + ConiferPoor + Coo + PinePorcupine
55%
Lord Opposite + Software FlawLady + BugLadybug
54%
Magic Dragon + Place for Weary TravelersPuff + InnPuffin
54%
Sports Tally + Round Green Veggie +
Not Off
Score + Pea + OnScorpion
47%
Russian Space Station + FelineMir + CatMeerkat
47%
Gambling Token + Cloister ResidentChip + MonkChipmunk
46%
Jamaican "Man" + Layer of Golden EggsMon + GooseMongoose
45%
Tigger's Marsupial Pal + To MixRoo + StirRooster
42%

Score Distribution

Percentile by Number Answered

Percent of People with Each Score

Your Score History

You have not taken this quiz since the last reset